Score 0/20 Timer 05:00
0 Plays Today
Quote Subject % Correct
[Person] was the only man from Northeast Mississippi who could shake his hips and still be loved by rednecks, cops, and hippies.Elvis (Presley)
74.1%
It is important to know who killed [person] and why. Jack Kennedy
73.1%
Do you realize if it weren't for [person] we'd be watching TV by candlelight?(Thomas) Edison
72.1%
I wouldn't want to be married to me, but luckily [person] does.Tom Cruise
70.5%
How could Brutus say that he found no personal cause—none in [Person's] past conduct as a man? Had he not passed the Rubicon? Had he not entered Rome as a conqueror?Julius Caesar
68.6%
If you got the game, you got the game. That's why [person] is out there playing golf with Greg Norman.Tiger Woods
60.4%
My theory of evolution is that [person] was adopted.(Charles) Darwin
56%
You can't get all of your news from [person], especially since it's a comedy show.Jon Stewart
53.3%
Al Qaeda is still a threat. We cannot pretend somehow that because [person] got elected as president, suddenly everything is going to be OK. Barack Obama
52.8%
He has a woman's name and wears makeup. How original.Marilyn Manson
49.2%
Quote Subject % Correct
She’s an instinctively effective candidate. And with a compelling story. Sarah Palin
46.6%
I've always joked about [person] not appreciating his Super Bowls nearly as much as I do because he never lost one.Joe Montana
46.2%
Leo couldn't deliver Mr. [person] his Oscar with 'The Aviator', but I will go on record to say I will do so in 'The Departed'. Martin Scorsese
45.6%
[Person] was great. I'm just lucky.Babe Ruth
42.9%
I'm still angry with [person] for getting by with two murders.(O.J.) Simpson
42.5%
I never minded [person] spending obscene amounts of money to put the best product on the fieldGeorge Steinbrenner
37.3%
The sooner [person] leaves, the better it is for everybody and the quicker we can restore normality and stability in Egypt...(Hosni) Mubarak
33.6%
I often say of [person] that he was one of the few in the whole history of the world who was not carried away by power. George Washington
19.3%
[Person] asked my brother to play on his record. I thought that was the most wonderful thing in the world. (Eric) Clapton
11.9%
[Person] is one of those authors who are well worth stealing.(Charles) Dickens
9.3%
Remove Ads.
Support Sporcle.
Get the best of Sporcle when you Go Orange. This ad-free experience offers more features, more stats, and more fun while also helping to support Sporcle. Thank you for becoming a member.

You're not logged in!

Compare scores with friends on all Sporcle quizzes.
OR
Log In

Show Comments

Extras

Top Quizzes Today


Score Distribution

Your Account Isn't Verified!

In order to create a playlist on Sporcle, you need to verify the email address you used during registration. Go to your Sporcle Settings to finish the process.

Report this User

Report this user for behavior that violates our Community Guidelines.

Details: